Karlovy Vary : Stadtführer /

Uložené v:
Podrobná bibliografia
Hlavný autor: Žanda, Václav František (Author)
Ďalší autori: Langer, Adolf (Translator)
Médium: Kniha
Jazyk:German
Czech
Vydané: Praha : Sportovní a turistické nakladatelství, 1958.
Vydanie:1. Aufl.
ISBN: (brož.)
Fyzický popis: 120 s., : il.
Tagy: Pridať tag
Žiadne tagy, Buďte prvý kto otaguje tento záznam!

MARC

LEADER 00000nam a2200000 a 4500
001 000441721
005 20131027170300.0
008 001211s1958 xr e ger d
020 |a (brož.)  |c Kčs 10,00 
040 |a SVKKK  |b slo  |c SVKKK  |e AACR2 
041 1 |a ger  |h cze 
044 |a xr  |c CZ 
100 1 |a Žanda, Václav František  |4 aut 
245 1 0 |a Karlovy Vary :  |b Stadtführer /  |c Václav František Žanda ; [z češ. Karlovy Vary. Průvodce městem] von Adolf Langer. 
250 |a 1. Aufl. 
260 |a Praha :  |b Sportovní a turistické nakladatelství,  |c 1958. 
300 |a 120 s., :  |b il. 
366 |e 4250 výtl. 
504 |a Obsahuje bibliografiu a registre 
700 1 |a Langer, Adolf  |4 trl 
910 |a svkkk 
998 |a BK 
090 |g SCKHL  |k Sklad Pribinova prízemie  |a I.12467  |j 164984  |i 2720382463  |s Prezenčne 
090 |g SCKHL  |k Sklad Pribinova prízemie  |a I.15112  |j 159604  |i 2720387943  |s Prezenčne